000 00646nam a2200133Ia 4500
008 220615s9999||||xx |||||||||||||| ||und||
020 _a9782890000000
245 0 _aCurrent Advances in Soft Robotics: Best Papers from RoboSoft 2018
546 _aEnglish[eng]
650 _asoft robot||soft actuator||soft sensor||continuum manipulator||fiber jamming||growing||3D printing||learning-based modeling
700 _aHauser, Helmut||Nanayakkara, Thrishantha||Hadi Sadati, S. M.||Iida, Fumiya||Maiolino, Perla
856 _uhttps://www.frontiersin.org/research-topics/7963/current-advances-in-soft-robotics-best-papers-from-robosoft-2018
942 _cEB
999 _c10034
_d10034